000 00248nam a2200097Ia 4500
001 767932
005 20250826165409.0
008 250824s9999 xx 000 0 und d
245 0 _aOSMANLI TARİHİ
_cZEHRA AYDÜZ
260 _bUĞUR BÖCEĞİ YAYINLARI
999 _c767932
_d767932